000 00642nam a22002177a 4500
003 UA-OsUOA
001 81425
007 ta
008 20120130b un ||||| |||| 00| 0 ukr d
100 _aРешетилова О.
090 _a908
_bР47
942 _cSA
040 _aUA-OsUOA
_bukr
_cUA-OsUOA
_dUA-OsUOA
245 _aОстрозька академія - 19.01.19. Ігор Пасячник: Реформа освіти повинна початися з моральних цінностей
300 _aС.1,6
955 _a0
041 _aukr
080 _a908
773 0 _w81424
650 7 _a908 Краєзнавство
_2UDC
999 _c367736
_d367736